Техногенное изменение продуктивных пластов нефтегазоконденсатных месторождений; Проблемы геологии и освоения недр; Т. 2

Bibliographic Details
Parent link:Проблемы геологии и освоения недр: труды XVI Международного симпозиума имени академика М. А. Усова студентов и молодых ученых, Томск, 2-7 апреля 2012 г./ Национальный исследовательский Томский политехнический университет (ТПУ), Институт природных ресурсов (ИПР) ; Общество инженеров-нефтяников, Студенческий чаптер ; под ред. О. Г. Савичева.— , 2012
Т. 2.— 2012.— [С. 58-60]
Main Author: Бесчасова П. А. Полина Анатольевна
Other Authors: Гладков Е. А. Евгений Алексеевич (научный руководитель)
Summary:Заглавие с титульного листа
Language:Russian
Published: 2012
Series:Современные технологии разработки нефтяных и газовых месторождений
Subjects:
Online Access:http://www.lib.tpu.ru/fulltext/c/2012/C11/V2/011.pdf
Format: Electronic Book Chapter
KOHA link:https://koha.lib.tpu.ru/cgi-bin/koha/opac-detail.pl?biblionumber=232072

MARC

LEADER 00000nla2a2200000 4500
001 232072
005 20231031203021.0
035 |a (RuTPU)RU\TPU\book\253103 
035 |a RU\TPU\book\252920 
090 |a 232072 
100 |a 20130207d2012 k y0rusy50 ca 
101 0 |a rus 
102 |a RU 
105 |a y z 100zy 
135 |a drcn ---uucaa 
181 0 |a i  
182 0 |a b 
200 1 |a Техногенное изменение продуктивных пластов нефтегазоконденсатных месторождений  |b Электронный ресурс  |f П. А. Бесчасова  |g науч. рук. Е. А. Гладков 
203 |a Текст  |c электронный 
215 |a 1 файл (527 Кб) 
225 1 |a Современные технологии разработки нефтяных и газовых месторождений 
230 |a Электронные текстовые данные (1 файл : 527 Кб) 
300 |a Заглавие с титульного листа 
337 |a Adobe Reader 
461 1 |0 (RuTPU)RU\TPU\book\252494  |t Проблемы геологии и освоения недр  |o труды XVI Международного симпозиума имени академика М. А. Усова студентов и молодых ученых, Томск, 2-7 апреля 2012 г.  |o в 2 т.  |f Национальный исследовательский Томский политехнический университет (ТПУ), Институт природных ресурсов (ИПР) ; Общество инженеров-нефтяников, Студенческий чаптер ; под ред. О. Г. Савичева  |d 2012 
463 1 |0 (RuTPU)RU\TPU\book\252518  |t Т. 2  |v [С. 58-60]  |d 2012 
610 1 |a труды учёных ТПУ 
610 1 |a электронный ресурс 
610 1 |a продуктивные пласты 
610 1 |a нефтегазоконденсатные месторождения 
610 1 |a изменения 
610 1 |a техногенные воздействия 
610 1 |a нефть 
700 1 |a Бесчасова  |b П. А.  |c специалист в области нефтегазового дела  |c инженер Томского политехнического университета  |f 1990-  |g Полина Анатольевна  |2 stltpush  |3 (RuTPU)RU\TPU\pers\32056 
702 1 |a Гладков  |b Е. А.  |c специалист в области нефтегазового дела  |c доцент Томского политехнического университета, кандидат геолого-минералогических наук  |f 1974-  |g Евгений Алексеевич  |2 stltpush  |4 727 
801 1 |a RU  |b 63413507  |c 20130205 
801 2 |a RU  |b 63413507  |c 20160914  |g RCR 
856 4 |u http://www.lib.tpu.ru/fulltext/c/2012/C11/V2/011.pdf 
942 |c CF